Viure a 1600 metres : memòria etnogràfica de les Mines de Coll de Pradell / memòria etnogràfica de les Mines de Coll de Pradell /
MARC
| LEADER | 00000nam a2200000 i 4500 | ||
|---|---|---|---|
| 001 | 25200 | ||
| 003 | Arxiu | ||
| 005 | 20260324180727.0 | ||
| 008 | 220210e202106 spc|||| |||| 0|0 0 cat| | ||
| 015 | |a LL2022 |2 bnc | ||
| 017 | |a DL B 22215-2020 |b Biblioteca de Catalunya | ||
| 040 | |a ES-BaBC |b cat |e rda |c ES-BaBC | ||
| 043 | |a e-sp--- |b e-spcbe |2 catmarc | ||
| 080 | |a 622.33 |x (460.23 Be) |x (091) |2 2004 | ||
| 080 | |a 94 |x (460.23 Be Vallcebre) |2 2004 | ||
| 100 | 1 | |a Camps Tor, Raquel, |d 1990- |e autor | |
| 245 | 1 | 0 | |a Viure a 1600 metres : |b memòria etnogràfica de les Mines de Coll de Pradell / |c Raquel Camps Tor |
| 246 | 1 | |a Viure a mil sis-cents metres | |
| 250 | |a Primera edició | ||
| 264 | 1 | |a Barcelona : |b Llibres Gràfic , |c juny de 2021 | |
| 300 | |a 194 pàgines : |b il·lustracions ; |c 21 cm | ||
| 336 | |a text |b txt |2 rdacontent | ||
| 337 | |a sense mediació |b n |2 rdamedia | ||
| 338 | |a volum |b nc |2 rdacarrier | ||
| 504 | |a Bibliografia pàgines 194-195 | ||
| 650 | 7 | |a Mines de carbó |z Catalunya |z Berguedà |x Història. |2 lemac | |
| 651 | 7 | |a Vallcebre (Catalunya) |x Història |2 lemac | |
| 908 | |a BC | ||
| 940 | |a BC | ||
| 942 | |2 udc |c ARXIU |n 1 | ||
| 952 | |0 0 |1 0 |4 0 |6 BIB471 |7 1 |9 61075 |a Arxiu |b Arxiu |d 2022-03-08 |l 0 |o Bib-471 |p 25200 |r 2022-03-08 00:00:00 |w 2022-03-08 |y ARXIU | ||
| 999 | |c 81199 |d 81199 | ||